Normal view
MARC view
Entry Personal Name
001 - CONTROL NUMBER
- control field: 6201
003 - CONTROL NUMBER IDENTIFIER
- control field: ARRUPE
005 - DATE AND TIME OF LATEST TRANSACTION
- control field: 20131220130504.0
008 - FIXED-LENGTH DATA ELEMENTS
- fixed length control field: 131220|| aca||aabn | a|a d
040 ## - CATALOGING SOURCE
- Original cataloging agency: ARRUPE
- Transcribing agency: ARRUPE
100 ## - HEADING--PERSONAL NAME
- Personal name: Cole, Margaret,
- Dates associated with a name: 1893-1980.
670 ## - SOURCE DATA FOUND
- Source citation: Work cat.: (ARRUPE)0: Cole, Margaret, 1893-1980., Makers of the labour movement., [1948]